| Tag |
First Indicator |
Second Indicator |
Subfields |
| LEADER |
00000cam a2200000 4500 |
| 001 |
in00000077585 |
| 005 |
20151008053802.0 |
| 008 |
711222m19711980cau b 00010 eng |
| 010 |
|
|
|a 77136025
|
| 020 |
|
|
|a 0520018664 (v. 1)
|
| 020 |
|
|
|a 0520038266 (v. 2)
|
| 035 |
|
|
|a (OCoLC)00220088
|
| 035 |
|
|
|9 AAH8634AM
|
| 037 |
|
|
|c $11.00 (v. 1)
|
| 040 |
|
|
|a DLC
|c DLC
|d m.c.
|d TXA
|d UtOrBLW
|
| 049 |
|
|
|a TXAM
|v 1 [1147746]
|v 2 [1500242]
|
| 050 |
0 |
0 |
|a QA273.4
|b C37
|
| 082 |
0 |
|
|a 519.2
|2 19
|
| 100 |
1 |
|
|a Carnap, Rudolf,
|d 1891-1970.
|
| 245 |
1 |
0 |
|a Studies in inductive logic and probability /
|c Rudolf Carnap and Richard C. Jeffrey, editors.
|
| 264 |
|
1 |
|a Berkeley :
|b University of California Press,
|c 1971-
|
| 300 |
|
|
|a volumes ;
|c 24 cm.
|
| 336 |
|
|
|a text
|b txt
|2 rdacontent
|
| 337 |
|
|
|a unmediated
|b n
|2 rdamedia
|
| 338 |
|
|
|a volume
|b nc
|2 rdacarrier
|
| 504 |
|
|
|a Bibliography: volume 1. pages [255]-264.
|
| 650 |
|
0 |
|a Probabilities.
|
| 650 |
|
0 |
|a Induction (Mathematics)
|
| 700 |
1 |
|
|a Jeffrey, Richard C.
|
| 999 |
|
|
|a MARS
|
| 999 |
f |
f |
|s 821b7d26-ad30-365f-9c48-a3da5c0ea576
|i 3c5a576d-ec78-3b86-84ce-c23fdf07f8d8
|t 0
|
| 952 |
f |
f |
|p ric
|a Texas A&M University
|b Rellis Campus
|c Joint Library Facility
|s JLF
|d Remote Storage
|t 0
|e QA273.4 C37
|h Library of Congress classification
|i unmediated -- volume
|k v.2
|m A14806203912
|
| 952 |
f |
f |
|p ric
|a Texas A&M University
|b Rellis Campus
|c Joint Library Facility
|s JLF
|d Remote Storage
|t 0
|e QA273.4 C37
|h Library of Congress classification
|i unmediated -- volume
|k v.1
|m A14804500643
|
| 998 |
f |
f |
|a QA273.4 C37
|s v.1-v.2
|t 0
|l Remote Storage
|